| 000 | 00861nam a22001697a 4500 | ||
|---|---|---|---|
| 999 |
_c59499 _d59499 |
||
| 003 | Ge_BSU | ||
| 005 | 20230301123904.0 | ||
| 008 | 230301s2005 ge ||||| |||| 00| 0 geo d | ||
| 041 | _ageo | ||
| 080 | _a321.7 ს-16 | ||
| 100 |
_aსავანელი, ბიძინა _913044 |
||
| 245 |
_aრა არის დემოკრატია? : _bევროპული სტანდარტები და მოქმედების გეგმა / _cბიძინა სავანელი; საქართველოს დავით აღმაშენებელის სახელობის უნივერსიტეტი. |
||
| 264 |
_aთბილისი, _c2004. |
||
| 504 | _aბიბლიოგრ. ტექსტ. შენიშვნ. | ||
| 653 | _aდემოკრატია | ||
| 942 |
_2udc _cBK |
||